Yüklüyor......

തിരുമുമ്പിനൊപ്പം: ഓർമക്കുറിപ്പുകൾ

Detaylı Bibliyografya
Yazar: കാർത്യായനിക്കുട്ടി 'അമ്മ
Diğer Yazarlar: Karthyayanikkutty Amma
Materyal Türü: Printed Book
Baskı/Yayın Bilgisi: Thiruvananthapuram Chintha Publications 2006
Konular:
LEADER 00656cam a2200157ua 4500
082 |a 923.2T  |b KAR/T 
100 0 |a കാർത്യായനിക്കുട്ടി 'അമ്മ  
245 0 0 |a തിരുമുമ്പിനൊപ്പം: ഓർമക്കുറിപ്പുകൾ  
260 |a Thiruvananthapuram  |b Chintha Publications  |c 2006 
300 |a 184p. 
650 |a Thirumumpinoppam: Ormakkurippukal  
650 0 |a Subrahmanyan Thirumumpu - Memoirs 
700 |a Karthyayanikkutty Amma  
942 |c BK 
999 |c 15443  |d 15443 
952 |0 0  |1 0  |4 0  |6 923_000000000000000_2T_KART  |7 0  |9 16105  |a KUCL  |b KUCL  |d 2014-05-23  |l 0  |o 923.2T KAR/T  |p 17516  |r 2014-05-23  |y BK